| 000 | 00720nam a22002175i 4500 | ||
|---|---|---|---|
| 001 | 54421 | ||
| 003 | ES-MaACL | ||
| 005 | 20230906162943.0 | ||
| 007 | t| | ||
| 008 | 960722m18721874gw ||||1| eng d | ||
| 080 | _a929 Dickens, Charles | ||
| 100 | 1 |
_aForster, John. _951825 |
|
| 245 | 1 | 4 |
_aThe life of Charles Dickens / _cby John Forster. |
| 260 |
_aLeipzig : _bBernhard Tauchnitz, _c1872-1874. |
||
| 300 |
_a3 v., [3] h. de lám. ; _c17 cm. |
||
| 490 | 1 |
_aCollection of British authors ; _v1203-04, 1288-89, 1391-92 |
|
| 600 | 1 | 4 |
_aDickens, Charles- _xBiografías. _9174104 |
| 830 | 0 |
_aCollection of British authors ; _v1203-04, 1288-89, 1391-92 _9180703 |
|
| 852 | 4 |
_aES-MaACL _jG-11562-64 |
|
| 999 |
_c54421 _d54421 |
||